000
00314nam a22001337a 4500
008
171010b xxu||||| |||| 00| 0 eng d
020
_a
2900205704926
041
_a
eng
080
_a
316
100
_a
50
101
_a
STO
245
_a
POLITICS AND CULTURE IN THE DEVELOPING WORLD
_c
PAYNE, R.J
942
_2
udc
_c
BK
999
_c
32849
_d
32849